000 00508nam a2200169Ia 4500
999 _c25398
_d25398
003 OSt
005 20210112152809.0
008 190216s9999||||xx |||||||||||||| ||und||
040 _coclc
082 _a894.812102
_bSAY/M
100 _aSayedmohammad, Ponkunnam
_98289
245 0 _aMahammadam Mahakavyam /
_cPonkunnam Sayedmohammad
260 _bSuni Publications,
_c1978.
_aAluva:
300 _a412p
650 _aKavithkal
942 _cBK
_2ddc
_h894.812102
_iSAY/M
_k894.812102
_mSAY/M